000 00333 a2200157 4500
001 69759
020 _a858588567X
040 _cAnchieta - Itaigara
100 _aHeck, Egon
240 1 0 _aAmérica Central
_lpor
245 1 0 _aAmérica Central
300 _a12
362 0 _a0
650 4 _aLiteratura infanto-juvenil
942 _cBK
999 _c69759
_d69759